Rani Kamlapati (Habibganj) railway station redevelopment: A world-class dream coming true (Record no. 524654)

000 -LEADER
fixed length control field 00464nam a22001337a 4500
008 - FIXED-LENGTH DATA ELEMENTS--GENERAL INFORMATION
fixed length control field 240110b ||||| |||| 00| 0 eng d
100 ## - MAIN ENTRY--PERSONAL NAME
Personal name Garg, Swapnil
245 ## - TITLE STATEMENT
Title Rani Kamlapati (Habibganj) railway station redevelopment: A world-class dream coming true
260 ## - PUBLICATION, DISTRIBUTION, ETC. (IMPRINT)
Place of publication, distribution, etc Vikalpa: The Journal for Decision Makers
300 ## - PHYSICAL DESCRIPTION
Extent 48(3), Jul-Sep, 2023: p.220-232
773 ## - HOST ITEM ENTRY
Main entry heading Vikalpa: The Journal for Decision Makers
906 ## - LOCAL DATA ELEMENT F, LDF (RLIN)
Subject DIP RAILWAYS
942 ## - ADDED ENTRY ELEMENTS (KOHA)
Item type Articles
Holdings
Withdrawn status Lost status Source of classification or shelving scheme Damaged status Not for loan Permanent location Current location Date acquired Serial Enumeration / chronology Barcode Date last seen Koha item type
          Indian Institute of Public Administration Indian Institute of Public Administration 2024-01-10 48(3), Jul-Sep, 2023: p.220-232 AR130484 2024-01-10 Articles

Powered by Koha